Miasta w Polsce - Quiz na mapie - Statystyki

Ogólne statystyki
  • Ten quiz został rozwiązany 1 287 razy
    1 285 od ostatniego zresetowania
  • Średni wynik to 16 z 21
Odpowiedzi na mapie
Odpowiedzi zakodowano w zielono-czerwonej skali na mapie do tego quizu, zgodnie z poniższymi procentami.
 
Statystyki odpowiedzi
Odpowiedź % Poprawnych
Warszawa
86%
Szczecin
83%
Białystok
82%
Kraków
81%
Łódz
80%
Poznań
80%
Lublin
79%
Gdańsk
78%
Wrocław
78%
Rzeszów
77%
Gdynia
76%
Elbląg
75%
Olsztyn
75%
Gorzów
74%
Opole
74%
Radom
74%
Suwałki
74%
Toruń
74%
Kielce
72%
Katowice
70%
Bydgoszcz
65%
Nie znaleziono quizów pasujących do podanych kryteriów
Rozkład punktacji
Procent ludzi z każdym wynikiem
Percentyl według liczby udzielonych odpowiedzi
Twoja historia wyników
Nie rozwiązałeś tego quizu od ostatniego zresetowania